Normal view
MARC view
- العبادات- فقه اسلامي
Entry Topical Term
001 - CONTROL NUMBER
- control field: 40917
003 - CONTROL NUMBER IDENTIFIER
- control field: JO-AjAnu
005 - DATE AND TIME OF LATEST TRANSACTION
- control field: 20230606080809.0
008 - FIXED-LENGTH DATA ELEMENTS
- fixed length control field: 230606|| aca||aabn | a|a d
040 ## - CATALOGING SOURCE
- Original cataloging agency: JO-AjAnu
- Transcribing agency: JO-AjAnu
150 ## - HEADING--TOPICAL TERM
- Topical term or geographic name entry element: العبادات- فقه اسلامي
670 ## - SOURCE DATA FOUND
- Source citation: Work cat.: (JO-AjAnu)20970: العتيبي، محمد بن عبد الله ، سالم بن محمد الرواحي ، سعيد بن حميد الرمحي, author 40916, فقه العبادات